000 00598 a2200193 4500
020 _a3642073832
020 _a9783642073830
082 0 4 _a004.1
090 _c485
_d485
100 1 _aHirvensalo, Mika.
245 1 0 _aQuantum computing /
_cMika Hirvensalo.
250 _a2nd ed.
260 _a[S.l.] :
_bSpringer,
_c2004.
300 _a227 p. ;
_c23 cm.
490 1 _aNatural computing series.
830 0 _aNatural computing series.
942 _aSNS
_cBK
_k004.1 HIR
999 _c29116
_d29116